Which Country Borders . . . - Statistics

General Stats
  • This quiz has been taken 31 times
    23 since last reset
  • The average score is 13 of 15
Answer Stats
Question Answer % Correct
Which of the following countries borders Paraguay? Argentina
100%
Which of the following countries borders Vietnam? Cambodia
100%
Which of the following countries borders Liberia? Guinea
100%
Which of the following countries borders Estonia? Latvia
100%
Which of the following countries borders Poland? Lithuania
100%
Which of the following countries borders Malaysia? Brunei
90%
Which of the following countries borders Nicaragua? Honduras
90%
Which of the following countries borders France? Luxembourg
90%
Which of the following countries borders Morocco? Spain
90%
Which of the following countries borders Malawi? Tanzania
90%
Which of the following countries borders Bulgaria? Turkey
90%
Which of the following countries borders Tajikistan? Afghanistan
70%
Which of the following countries borders Jordan? Iraq
70%
Which of the following countries borders Iran? Armenia
60%
Which of the following countries borders Chad? Nigeria
40%
No matching quizzes found
Score Distribution
Percent of People with Each Score
Percentile by Number Answered
Your Score History
You have not taken this quiz since the last reset